[Event "Dayton Wright Brothers op 5th"]
[Site "Dayton"]
[Date "2017.10.13"]
[Round "1"]
[White "Balyan, Aryan"]
[Black "Wettle, Ben"]
[Result "1-0"]
[WhiteElo "1846"]
[BlackElo "1521"]
[PlyCount "47"]
[EventDate "2017.10.13"]
[EventType "swiss"]
[EventRounds "5"]
[EventCountry "USA"]
[SourceTitle "CBM 181 Extra"]
[Source "ChessBase"]
[SourceDate "2017.12.12"]
[SourceVersion "1"]
[SourceVersionDate "2017.12.12"]
[SourceQuality "1"]

1. e4 e5 2. Nf3 Nc6 3. Bb5 a6 4. Ba4 d6 5. 0-0 Nf6 6. Re1 Be7 7. c3 0-0 8. h3 Bd7 9. d4 h6 10. Nbd2 b5 11. Bb3 Nh7 12. Nf1 Kh8 13. Bd5 Bf6 14. Ng3 Rb8 15. Be3 Ne7 16. Bb3 g5 17. Nh5 Ng6 18. dxe5 Bxe5 19. Nxe5 dxe5 20. Bc5 Ne7 21. Ng3 Nf6 22. Nf5 Nfg8 23. Qh5 f6 24. Bxe7 1-0